Guernsey Airport Destinations - Statistics

General Stats
  • This quiz has been taken 27 times
  • The average score is 12 of 22
Answer Stats
Airline Destination % Correct
Aurigny Birmingham
96%
Aurigny London-City
96%
Aurigny London-Gatwick
96%
Aurigny London-Stansted
91%
Aurigny Manchester
87%
Aurigny Dublin
78%
Aurigny Edinburgh
78%
Aurigny Bristol
74%
Blue Islands Jersey
74%
Aurigny, Blue Islands Southampton
70%
Aurigny Leeds/Bradford
61%
Aurigny Liverpool
61%
Aurigny Paris-Charles de Gaulle
61%
Aurigny Exeter
48%
Aurigny East Midlands
43%
Aurigny Alderney
39%
British Airways Palma de Mallorca
30%
Aurigny Newquay
22%
British Airways Faro
13%
Aurigny Grenoble
13%
Blue Islands Rotterdam/The Hague
9%
Blue Islands Groningen
0%
No matching quizzes found
Score Distribution
Percent of People with Each Score
Percentile by Number Answered
Your Score History
You have not taken this quiz